000 00472nmm a2200157Ia 4500
008 251105s9999||||xx |||||||||||||||||und||
020 _a9789875912212
041 _aspa
100 _aCrabay, Marta (comp.)
245 0 _aAdolescencias y juventudes. Subjetividades y riesgos
264 _a[Buenos Aires, Argentina] :
_bEditorial Brujas,
_c2015
300 _a352 páginas
650 _aSociology
856 _uhttps://public.digitaliapublishing.com/a/41817
942 _cCF
999 _c97457
_d97457